000 01013nam a2200265 a 4500
003 CBULib
005 20231213101854.0
008 190424s2014 ||||||||||||||||| || u
040 _aCBULib
_bEnglish
_cCBULib
_erda
041 _aeng
050 _aUNCTAD(02)2014/15
110 _aUnited Nations Conference on Trade and Development (UNCTAD)
245 1 4 _aThe fisheries sector in the Gambia: trade, value addition and social inclusiveness, with a focus on women
_c/ by United nations Conference on Trade and Development (UNCTAD)
260 _aNew York :
_bUnited Nations,
_c2014.
300 _aix, 54 pagees : illustrations
336 _2rdacontent
_aText |
_btxt
337 _2rdamedia
_aUnmediated |
_bn
338 _2rdacarrier
_aVolume
_bnc
650 _aFISH--CULTURE
650 _aFISH TRADE--VALUE ADDITION
650 _aAQUACULTURE INDUSTRY--WOMEN--GAMBIA
650 _aFISHING--SOCIO-ECONOMIC ASPECTS--GAMBIA
942 _2mc
_c029
999 _c43605
_d43605